| 000 | 01094nam a2200289 4500 | ||
|---|---|---|---|
| 001 | 0000016072 | ||
| 003 | CO-CtgCURN | ||
| 005 | 20250329191020.0 | ||
| 007 | ta | ||
| 008 | 160627s1989 000 0 eng d | ||
| 020 | _a9682423090 | ||
| 040 |
_aCO-CtgCURN _bspa _ccoctgcurn |
||
| 082 | 0 |
_a745.4 _bR15d |
|
| 100 | 1 | _aFrances, Juan Ramon. | |
| 245 | 1 | 0 |
_aDecoracion de interiores / _cJuan Ramon Frances. |
| 260 |
_aMexico : _bTrillas, _c1989. |
||
| 300 | _a95 p. | ||
| 336 | _2rdacontent | ||
| 337 |
_2rdamedia _asin mediacion _bn |
||
| 338 |
_2rdacarrier _avolumen _bnc |
||
| 500 | _aIncluye indice de contenido. | ||
| 505 | 8 | _aEstilos.--Iluminacion.--Accesorios.--Color.--Fondos.--Planeacion.--Planta arquitectonica.--Estilo Luis xiii.--Estilo Luis xvi.--Estilo Luis xv.--Estilo Luis iv.--Estilo Victoriano.--Estilo reina Ana.--Estilo Norteamericano.--Estilo provenzal.--Estilo contemporaneo | |
| 650 | 1 | 4 |
_aDecoracion de interiores _vFotografias. |
| 908 | _a160627 | ||
| 942 |
_cBK _h745.4 _iR15d _2ddc |
||
| 999 |
_c11211 _d11211 |
||